Before he was god: Ramayana : (Record no. 52215)

MARC details
000 -LEADER
fixed length control field 01447nam a22002417a 4500
005 - DATE AND TIME OF LATEST TRANSACTION
control field 20110509114259.0
010 ## - LCCN (DPL NO)
LC control number B-425457-460
020 ## - INTERNATIONAL STANDARD BOOK NUMBER
International Standard Book Number 9788129116161
Terms of availability 995.00
035 ## - SYSTEM CONTROL NUMBER
System control number B-425457-460
037 ## - SOURCE OF ACQUISITION
Source of stock number/acquisition RBC/VEN
082 ## - DEWEY DECIMAL CLASSIFICATION NUMBER
Classification number 230.1
100 ## - MAIN ENTRY--PERSONAL NAME
Personal name Varma, Ram
245 ## - TITLE STATEMENT
Title Before he was god: Ramayana :
Remainder of title reconsidered recreated /
Statement of responsibility, etc Ram Varma; illustrated and designed by Vandana Sehgal
260 ## - PUBLICATION, DISTRIBUTION, ETC. (IMPRINT)
Place of publication, distribution, etc New Delhi
Name of publisher, distributor, etc Rupa
Date of publication, distribution, etc 2010
300 ## - PHYSICAL DESCRIPTION
Extent xv, 326p.
Other physical details col. ill.
Dimensions 21 cm.(Hb)
700 ## - ADDED ENTRY--PERSONAL NAME
Personal name Sehgal, Vandana
9 (RLIN) 27880
942 ## - ADDED ENTRY ELEMENTS (KOHA)
Source of classification or shelving scheme Dewey Decimal Classification
Item type English Books
Classification part 230.1
Call number suffix VAR
Holdings
Withdrawn status Lost status Not for loan Collection code Home library Current library Date acquired Source of acquisition Cost, normal purchase price Full call number Barcode Copy number Cost, replacement price Koha item type
      Reference Central Library Central Library 20/05/2011 RBC/22493/23.3.11/76/4.3.11/25.3.11 995.00 230.1 VAR B-425457 1 995.00 English Books
      Reference Karol Bagh Karol Bagh 20/05/2011 RBC/22493/23.3.11/76/4.3.11/25.3.11 995.00 230.1 VAR B-425460 1 995.00 English Books
  Written-off vide DLB M. No. 383 dt 16.05.19   Reference Patel Nagar Patel Nagar 20/05/2011 RBC/22493/23.3.11/76/4.3.11/25.3.11 995.00 230.1 VAR B-425458 1 995.00 English Books
  Written-off vide DLB M. No. 383 dt 16.05.19   Reference Sarojini Nagar Sarojini Nagar 20/05/2011 RBC/22493/23.3.11/76/4.3.11/25.3.11 995.00 230.1 VAR B-425459 1 995.00 English Books

© Delhi Public Library
Hit Counter
free hit counter